| 000 | 00507nam a22001697a 4500 | ||
|---|---|---|---|
| 999 |
_c8434 _d8434 |
||
| 008 | 201124b ||||| |||| 00| 0 eng d | ||
| 040 | _aBMS College of Architecture | ||
| 100 | _aU, Chaitra | ||
| 245 | _aArchitecture and symbiosis | ||
| 300 | _a53p. | ||
| 500 | _a1BM14AT022 | ||
| 502 |
_8B,Arch _NBMS College of Architecture, Visvesvaraya Technological University _aProject report _d2018 |
||
| 650 | _aArchitecture | ||
| 700 |
_aShanthala V _eGuide |
||
| 700 |
_aVinay Nandish _eGuide |
||
| 942 |
_2ddc _cTHE |
||